000 00511nam a2200181Ia 4500
003 OSt
005 20210108110832.0
008 190216s9999||||xx |||||||||||||| ||und||
020 _a9788171304660
040 _coclc
082 _a894.81
_bSRAM/V
100 _aRamavarma, Vayalar
_96926
245 0 _aVayalar Kruthikal /
_cVayalar Ramavarma
260 _bD C Books,
_c1996.
_aKottayam:
300 _a1035p
650 _aKavithakal
942 _cBK
_2ddc
_h894.81
_iSRAM/V
_k894.81
_mSRAM/V
999 _c27319
_d27319